Entertainment Quiz / Villain Slideshow

Random Entertainment Quiz

Results

Quiz not verified by Sporcle

Challenge
Share
Tweet
Score 0/50 Timer 13:00
0 Plays Today
% Correct
The Joker
97.1%
Scar
95.2%
Wicked Witch of the West
92.7%
Cruella de Vil
92%
Darth Vader
90.2%
Count Dracula
89.6%
Freddy Krueger
89.3%
Dr. Hannibal Lecter
85.9%
Captain Hook
85.3%
Terminator
84.1%
Jason Vorhees
83.1%
Frankenstein's Monster
83%
Loki
82.2%
The Alien
81.1%
Predator
80.5%
Lord Voldemort
80%
Norman Bates
78.2%
Pennywise the Dancing Clown
75.5%
Hades
73.4%
Bowser
69%
Magneto
67.6%
Sauron
64.9%
Michael Myers
64.1%
Shredder
62.4%
Doctor Doom
59%
% Correct
Lex Luthor
59%
The White Witch
57.4%
Mr. Burns
57.4%
Alex Delarge
55%
President Snow
53.9%
Khan
51.9%
Lots-o'-Huggin' Bear
51.5%
HAL 9000
51.2%
Joffrey Baratheon
47.2%
Mojo Jojo
46.6%
Doctor Eggman
45.5%
Regina George
45.2%
Auric Goldfinger
42.7%
Spike
40.2%
Zim
37.9%
The Master
37.9%
Gus Fring
34.5%
The Governor
34.4%
Benjamin Linus
33.1%
Doctor Horrible
33.1%
Frieza
25.7%
Doctor Drakken
24.9%
Victoria
22.4%
Tammy 1
11.3%
Luke Castellan
7.3%
 
Number % Answered
50 (all)
1.9%
45-49
7%
40-44
15.5%
35-39
15.8%
30-34
19.2%
25-29
11.1%
20-24
10.5%
15-19
6.8%
10-14
5.7%
5-9
4%
1-4
2.5%

You're not logged in!

Compare scores with friends on all Sporcle quizzes.
Sign Up with Email
OR
Log In

You Might Also Like...

Show Comments

Extras


Your Account Isn't Verified!

In order to create a playlist on Sporcle, you need to verify the email address you used during registration. Go to your Sporcle Settings to finish the process.